000047717 001__ 47717
000047717 005__ 20160222120509.0
000047717 037__ $$aTAZ-TFG-2015-1388
000047717 041__ $$aspa
000047717 1001_ $$aAngós Beamonte, Marta
000047717 1001_ $$aMeavilla Baquedano, María
000047717 24500 $$aLas Organizaciones de la Sociedad Civil de Córdoba y su relación con el Estado argentino: Sistematizacion de experiencia profesional.
000047717 260__ $$aZaragoza$$bUniversidad de Zaragoza$$c2015
000047717 506__ $$aby-nc-sa$$bCreative Commons$$c3.0$$uhttp://creativecommons.org/licenses/by-nc-sa/3.0/
000047717 520__ $$aEl siguiente Trabajo de Fin de Grado consiste en una sistematización de nuestra experiencia profesional llevada a cabo en el Ministerio de Desarrollo Social de la Provincia de Córdoba (Argentina). Basándonos en los nuevos conocimientos adquiridos y en diversas aportaciones teóricas, pretendemos interpretar la relación entre el Estado y las Organizaciones de la Sociedad Civil, así como categorizar las diferentes posturas que estos dos actores sociales adoptan como principales proveedores de bienestar de la sociedad argentina. Para ello, analizamos el discurso de las propias organizaciones e interpretamos la realidad mixta y compleja en la que se desenvuelven. La finalidad principal de la sistematización es reflexionar críticamente sobre las vivencias durante nuestras prácticas y conocer mejor la situación de la política social en Argentina.
000047717 521__ $$aGraduado en Trabajo Social
000047717 540__ $$aDerechos regulados por licencia Creative Commons
000047717 700__ $$aLacalzada de Mateo, María José$$edir.
000047717 7102_ $$aUniversidad de Zaragoza$$bPsicología y Sociología$$cTrabajo Social y Servicios Sociales
000047717 8560_ $$f613565@celes.unizar.es
000047717 8564_ $$s1835017$$uhttps://zaguan.unizar.es/record/47717/files/TAZ-TFG-2015-1388_ANE.pdf$$yAnexos (spa)
000047717 8564_ $$s824579$$uhttps://zaguan.unizar.es/record/47717/files/TAZ-TFG-2015-1388.pdf$$yMemoria (spa)
000047717 909CO $$ooai:zaguan.unizar.es:47717$$pdriver$$ptrabajos-fin-grado
000047717 950__ $$a
000047717 951__ $$adeposita:2016-02-22
000047717 980__ $$aTAZ$$bTFG$$cSOCIZ